000 00504nam a2200205 a 4500
001 BRCA_4300
005 20190320204623.0
008 240610s1958----nyu#######---#000-0#eng-#
041 _aeng
044 _anyu
050 4 _aPZ3
_b.C37 1958
100 1 _aCarr, John Dickson
_910575
245 1 0 _aThe Sleeping Sphinx
_cJohn Dickson Carr.
260 _aNueva York
_bBantam
_c1958
300 _a199 p.
_c19 cm.
500 _aCEF95
650 1 4 _aNovelas policĂ­acas
_9877
902 _aGFM
942 _2lcc
_cB
999 _c4011
_d4011